000 00831nam a2200277 a 4500
001 BRL_1068
005 20190320211024.0
008 061113s1975----sp-abo####---#000-0#spa-#
020 _a8470312227
041 _aspa
044 _asp
050 4 _aNK4031
_b.E87 1975
100 1 _aEspejel, Carlos
_925222
245 1 0 _aCerámica popular mexicana
_cCarlos Espejel ; fotógrafo, F. Catalá Roca.
260 _aBarcelona
_bBlume
_c1975
300 _a224 p.
_bil. (algunas a color), mapas
_c27 cm.
440 0 _aColección Nueva Imagen
_925736
500 _aIncluye índice toponímico y vocabulario
500 _aAu1175
504 _aBibliografía : p. 215
650 1 4 _aCerámica mexicana
_925737
650 1 4 _aArte popular
_zMéxico
_9882
700 1 _aCatalá Roca, Francesc
_eil.
_925738
902 _aGRL
942 _2lcc
_cB
999 _c9880
_d9880